ARRUPE JESUIT UNIVERSITY

CORONAVIRUS -STOP THE SPREAD - CLEAN,DISINFECT,COVER

Zimbabwe : (Record no. 59075)

MARC details
000 -LEADER
fixed length control field 01491cam a2200373 a 4500
001 - CONTROL NUMBER
control field 14218345
003 - CONTROL NUMBER IDENTIFIER
control field ARRUPE
005 - DATE AND TIME OF LATEST TRANSACTION
control field 20170601125624.0
008 - FIXED-LENGTH DATA ELEMENTS--GENERAL INFORMATION
fixed length control field 060104s2005 sa f b 000 0 eng
010 ## - LIBRARY OF CONGRESS CONTROL NUMBER
LC control number 2005325501
015 ## - NATIONAL BIBLIOGRAPHY NUMBER
National bibliography number GBA542234
Source bnb
016 7# - NATIONAL BIBLIOGRAPHIC AGENCY CONTROL NUMBER
Record control number 013200379
Source Uk
020 ## - INTERNATIONAL STANDARD BOOK NUMBER
International Standard Book Number 0958479445 (Institute for Justice and Reconciliation)
020 ## - INTERNATIONAL STANDARD BOOK NUMBER
International Standard Book Number 1779220391 (Weaver Press)
035 ## - SYSTEM CONTROL NUMBER
System control number (OCoLC)ocm60418655
040 ## - CATALOGING SOURCE
Original cataloging agency UKM
Transcribing agency UKM
Modifying agency DLC
042 ## - AUTHENTICATION CODE
Authentication code lccopycat
-- lcode
043 ## - GEOGRAPHIC AREA CODE
Geographic area code f-rh---
050 00 - LIBRARY OF CONGRESS CALL NUMBER
Classification number JQ2929.A15
Item number Z543 2005
082 04 - DEWEY DECIMAL CLASSIFICATION NUMBER
Classification number 968.91051
Edition number 22
300 ## - PHYSICAL DESCRIPTION
Dimensions 21 cm.
245 00 - TITLE STATEMENT
Title Zimbabwe :
Remainder of title injustice and political reconciliation /
Statement of responsibility, etc edited by Brian Raftopoulos and Tyrone Savage.
260 ## - PUBLICATION, DISTRIBUTION, ETC. (IMPRINT)
Place of publication, distribution, etc Cape Town, South Africa :
Name of publisher, distributor, etc Institute for Justice and Reconciliation ;
Place of publication, distribution, etc Harare :
Name of publisher, distributor, etc Weaver Press,
Date of publication, distribution, etc 2005.
300 ## - PHYSICAL DESCRIPTION
Extent xxii, 296 p. ;
504 ## - BIBLIOGRAPHY, ETC. NOTE
Bibliography, etc Includes bibliographical references.
650 #0 - SUBJECT ADDED ENTRY--TOPICAL TERM
Topical term or geographic name as entry element Reconciliation
General subdivision Political aspects
Geographic subdivision Zimbabwe.
9 (RLIN) 27917
651 #0 - SUBJECT ADDED ENTRY--GEOGRAPHIC NAME
Geographic name Zimbabwe
General subdivision Politics and government
Chronological subdivision 1980-
9 (RLIN) 31978
700 1# - ADDED ENTRY--PERSONAL NAME
Personal name Raftopoulos, Brian.
9 (RLIN) 28556
700 1# - ADDED ENTRY--PERSONAL NAME
Personal name Savage, Tyrone.
9 (RLIN) 31979
710 2# - ADDED ENTRY--CORPORATE NAME
Corporate name or jurisdiction name as entry element Institute for Justice and Reconciliation (South Africa)
9 (RLIN) 1884
710 2# - ADDED ENTRY--CORPORATE NAME
Corporate name or jurisdiction name as entry element Weaver Press.
9 (RLIN) 31980
856 41 - ELECTRONIC LOCATION AND ACCESS
Materials specified Table of contents only
Uniform Resource Identifier <a href="http://www.loc.gov/catdir/toc/fy0607/2005325501.html">http://www.loc.gov/catdir/toc/fy0607/2005325501.html</a>
906 ## - LOCAL DATA ELEMENT F, LDF (RLIN)
a 7
b cbc
c copycat
d 3
e ncip
f 20
g y-gencatlg
942 ## - ADDED ENTRY ELEMENTS (KOHA)
Source of classification or shelving scheme Library of Congress Classification
Koha item type Monograph ( Printed materials)
Holdings
Withdrawn status Lost status Source of classification or shelving scheme Damaged status Not for loan Collection code Home library Current library Shelving location Date acquired Total Checkouts Full call number Barcode Date last seen Date checked out Copy number Price effective from Koha item type
    Library of Congress Classification     Main Collection ARRUPE LIBRARY ARRUPE LIBRARY   05/03/2013 17 DT2996.Z6 2005 46003090845 21/05/2025 02/05/2025 1 05/03/2013 Monograph ( Printed materials)
    Library of Congress Classification     SPECIAL Collection ARRUPE LIBRARY ARRUPE LIBRARY Reference 05/12/2016   SPC DT2996.Z6 2005 46500020905 05/12/2016   2 05/12/2016 SPC

 

Arrupe Library. PO Box MP320 Mt Pleasant, Harare, Zimbabwe
263 242 745411|librarian@aju.ac.zw